000 00453nam a2200193Ia 4500
008 151121s9999||||xx |||||||||||||| ||und||
082 _a823-/Bly
082 _bHNW-31823
100 _aBlyton E।
245 _aTales Of Long Ago
260 _b"Dean & Son Ltd, London।"
260 _c--
300 _a184
600 _aBlyton E।
630 _aTales Of Long Ago
700 _aBlyton E।
730 _aTales Of Long Ago
942 _cBOOK
999 _c1225687
_d1225684